Introducción al codex alimentarius

Guardat en:
Dades bibliogràfiques
Autor principal: Murray, R. H. (autor)
Autor corporatiu: FAO (Autor), OMS (Autor)
Format: Llibre
Idioma:espanyol
Publicat: Roma FAO 1990
Matèries:
Etiquetes: Afegir etiqueta
Sense etiquetes, Sigues el primer a etiquetar aquest registre!

MARC

LEADER 00000nam a2200000 a 4500
001 UCR4954
003 CL-VaPUC
008 980320e19900000IT |||||||||||||||||spa|d
082 0 4 |a 664.0034  |b MUR  |2 21 
100 |a Murray, R. H.  |e autor  |9 405578 
110 2 |a FAO  |e author  |9 405579 
710 2 |a OMS  |e author  |9 405580 
245 1 0 |a Introducción al codex alimentarius 
300 |a 22 p 
942 |c BK 
945 |d 19980320 00:00:00  |a crobeson 
260 |a Roma  |b FAO  |c 1990 
600 0 7 |a FAO  |2 CL-VaPUC  |9 405579 
600 0 7 |a OMS  |2 CL-VaPUC  |9 405580 
650 7 |a TECNOLOGIA DE ALIMENTOS  |2 CL-VaPUC  |9 405581 
650 7 |a REGLAMENTACIONES  |2 CL-VaPUC  |9 338372 
583 |a last modification  |c 19980320 00:00:00  |k Rodrigo Vera 
999 |c 267732  |d 267730 
952 |0 0  |1 0  |4 0  |6 664_003400000000000_MUR_1990  |7 0  |8 A  |9 300243  |a BIBALI  |b BIBALI  |c REF  |d 2019-11-20  |i 1968793  |o 664.0034 MUR 1990  |p 1968793  |r 2025-01-20  |w 2019-11-20  |y BK_F  |k ALI